000 00850nam a2200241 4500
001 0000017036
005 20250329172021.0
007 ta
008 160627s1995 000 0 eng d
020 _a8431514612
040 _aCO-CtgCURN
_bspa
_ccoctgcurn
082 0 _aR929.4
_bE68
110 2 _aEquipo de expertos 2100.
245 1 0 _aGran dicciónario de los nombres de persona :
_borigen, significado y onomastica de mas de 5.500 nombres.
260 1 _aBarcelona : :
_bEditorial de Vecchi,,
_c1995.
300 _a445 p.
490 1 _aColección Lengua Española e Idiomas
500 _aSubtitulo tomado de la caratula \ Incluye bibliografia e indice.
650 1 4 _aNombres propios españoles
_xDicciónarios.
908 _a160627
942 _cREF
_hR929.4
_iE68
999 _c7448
_d7448